000 00306nam a22001217a 4500
008 181001b xxu||||| |||| 00| 0 eng d
041 _aeng
080 _a574
100 _a9
101 _aMJE
245 _aPesticides in the Soil Environment: Processes, Impacts, and Modeling
_cCheng,H.H
942 _2udc
_cBK
999 _c48762
_d48762